Adjustment to retirement among women professional golfers with respect to two selected social theories of aging /

Bibliographic Details
Main Author: Washington, Anne Moore
Format: Thesis Microform Book
Language:English
Published: [Place of publication not identified] : [publisher not identified] ; 1984.
Subjects:

MARC

Tag First Indicator Second Indicator Subfields
LEADER 00000cam a2200000 a 4500
001 in00000032239
005 20151007060435.0
007 he bmb|||||||
008 860515r19861984oru bb 00010 eng d
035 |a (OCoLC)13572101 
035 |9 AAC0860AM 
040 |a ORU  |c INT  |d INT  |d HPE  |d TXA  |d UtOrBLW 
049 |a TXAI 
099 |a fiche  |a C  |a 9523 
100 1 |a Washington, Anne Moore. 
245 1 0 |a Adjustment to retirement among women professional golfers with respect to two selected social theories of aging /  |c by Anne Moore Washington. 
264 1 |a [Place of publication not identified] :  |b [publisher not identified] ;  |c 1984. 
300 |a v, 111 leaves. 
336 |a text  |b txt  |2 rdacontent 
337 |a microform  |b h  |2 rdamedia 
338 |a microfiche  |b he  |2 rdacarrier 
502 |b M.S.  |c University of North Carolina at Greensboro  |d 1984. 
504 |a Bibliography: leaves 52-55. 
533 |a Microfiche.  |b Eugene :  |c Microform Publications, College of Human Development and Performance, University of Oregon,  |d 1986.  |e 2 microfiches : negative ; 11 x 15 cm. 
500 |a Microform. 
650 0 |a Women athletes  |x Retirement  |x Psychological aspects. 
650 0 |a Golfers  |x Retirement  |x Psychological aspects. 
650 0 |a Aging  |x Psychological aspects. 
999 |a MARS 
999 f f |s e3e878fa-5505-3a4e-95f3-dd84ffc73fca  |i 180fded5-9b02-3216-9773-f6edb1582e40  |t 0 
952 f f |p normal  |a Texas A&M University  |b College Station  |c Sterling C. Evans Library  |d Evans: Microforms (3rd floor)  |t 0  |e fiche C 9523  |h Other scheme  |i microform -- microfiche  |m A14823244696 
998 f f |a fiche C 9523  |t 0  |l Evans: Microforms (3rd floor)